• Mendizábal Villalba, Alfredo,

di Personal Name

Records bibliografici associati: 1

001 - CONTROL NUMBER

  • control field: 70448

003 - CONTROL NUMBER IDENTIFIER

  • control field: IT-RoINE

005 - DATE AND TIME OF LATEST TRANSACTION

  • control field: 20210312091535.0

008 - FIXED-LENGTH DATA ELEMENTS

  • fixed length control field: 210312|| aca||aabn | a|a d

040 ## - CATALOGING SOURCE

  • Original cataloging agency: IT-RoINE
  • Transcribing agency: IT-RoINE

100 ## - HEADING--PERSONAL NAME

  • Personal name: Mendizábal Villalba, Alfredo,
  • Dates associated with a name: 1897-1981

670 ## - SOURCE DATA FOUND

  • Source citation: Work cat.: (IT-RoINE)0: Mendizábal Villalba, Alfredo, 1897-1981, Los orígenes de una tragedia :, 2012.